[Event "Reykjavik op"]
[Site "Reykjavik"]
[Date "2015.03.13"]
[Round "5"]
[White "Mamedjarova, Zeinab"]
[Black "Lux, Gregory"]
[Result "1-0"]
[WhiteElo "2303"]
[BlackElo "2065"]
[PlyCount "89"]
[EventDate "2015.03.10"]
[EventType "swiss"]
[EventRounds "10"]
[EventCountry "ISL"]
[SourceTitle "CBM 165 Extra"]
[Source "ChessBase"]
[SourceDate "2015.04.21"]
[SourceVersion "1"]
[SourceVersionDate "2015.04.21"]
[SourceQuality "1"]

1. d4 Nf6 2. e3 c5 3. f4 d6 4. Nf3 g6 5. Bc4 Bg7 6. 0-0 0-0 7. c3 b6 8. e4 Ba6 9. Bxa6 Nxa6 10. e5 Ne8 11. f5 dxe5 12. fxg6 hxg6 13. Qe2 Nac7 14. dxe5 Ne6 15. Qe4 N8c7 16. Qh4 Qd7 17. Nbd2 f5 18. exf6 Bxf6 19. Qg4 Qd3 20. Ne4 Kg7 21. Ng3 Rh8 22. Bd2 Raf8 23. Rae1 Qd5 24. Re2 Qxa2 25. Rfe1 Qd5 26. h4 Kf7 27. Bf4 Nxf4 28. Qxf4 Na6 29. Rxe7+ Kg8 30. Qg4 Rh6 31. Rxa7 Nb8 32. Qe6+ Qxe6 33. Rxe6 Bd8 34. h5 Rh7 35. Rxg6+ Kh8 36. Rxh7+ Kxh7 37. Ne4 Rf5 38. Neg5+ Kh8 39. h6 Nd7 40. Rg7 Bxg5 41. Nxg5 Ne5 42. c4 Rf6 43. Re7 Ng6 44. Rh7+ Kg8 45. Rg7+ 1-0

[Event "Barbera del Valles op 29th"]
[Site "Barbera del Valles"]
[Date "2006.07.12"]
[Round "8"]
[White "Montell Zabay, Albert"]
[Black "Lux, Gregory"]
[Result "0-1"]
[WhiteElo "2155"]
[BlackElo "2089"]
[PlyCount "82"]
[EventDate "2006.07.05"]
[EventType "swiss"]
[EventRounds "9"]
[EventCountry "ESP"]
[SourceTitle "CBM 113 Extra"]
[Source "ChessBase"]
[SourceDate "2006.09.14"]
[SourceVersion "1"]
[SourceVersionDate "2006.09.14"]
[SourceQuality "1"]

1. e4 e6 2. d4 d5 3. Nc3 Bb4 4. e5 Qd7 5. Bd3 b6 6. Qe2 Bb7 7. Nf3 Nc6 8. 0-0 Nh6 9. Bg5 Nf5 10. Bxf5 exf5 11. Rfe1 Qe6 12. Qb5 Bxc3 13. bxc3 0-0 14. c4 Na5 15. c5 Nc4 16. a4 h6 17. Bc1 Rfc8 18. Qb3 a6 19. h4 Bc6 20. g3 b5 21. a5 Re8 22. Qd3 b4 23. h5 Rab8 24. Nh4 Bd7 25. Ng2 Qc6 26. Nh4 Qe6 27. Ng2 Rb5 28. Qf3 c6 29. Nf4 Qe7 30. Nd3 Be6 31. Qe2 Reb8 32. Bd2 Qd8 33. Reb1 b3 34. cxb3 Rxb3 35. Rxb3 Rxb3 36. Ra2 f4 37. Nxf4 Bf5 38. e6 fxe6 39. Nxe6 Qf6 40. Nf4 Be4 41. Ra1 Qxd4 0-1

[Event "Lyon op"]
[Site "Lyon"]
[Date "2005.04.18"]
[Round "3"]
[White "Lux, Gregory"]
[Black "Lazarev, Vladimir"]
[Result "0-1"]
[WhiteElo "2059"]
[BlackElo "2507"]
[PlyCount "56"]
[EventDate "2005.04.16"]
[EventType "swiss"]
[EventRounds "9"]
[EventCountry "FRA"]
[SourceTitle "CBM 105 Extra"]
[Source "ChessBase"]
[SourceDate "2005.05.01"]
[SourceVersion "1"]
[SourceVersionDate "2005.05.01"]
[SourceQuality "1"]

1. e4 c5 2. Nc3 Nc6 3. g3 g6 4. Bg2 Bg7 5. d3 d6 6. Be3 Rb8 7. Qd2 b5 8. Nd1 b4 9. h3 e5 10. Nf3 h6 11. 0-0 g5 12. a3 a5 13. b3 Nge7 14. Nb2 f5 15. Qe2 f4 16. Bc1 g4 17. hxg4 Bxg4 18. Qe1 0-0 19. Nh2 Be6 20. Nc4 Nd4 21. Qd1 Nec6 22. Nf3 Qd7 23. Nxd4 Nxd4 24. Bb2 f3 25. Bxd4 fxg2 26. Re1 Bg4 27. Qd2 Bf3 28. Kh2 Qg4 0-1

[Event "Lyon op"]
[Site "Lyon"]
[Date "2005.04.18"]
[Round "4"]
[White "Siino, Christian"]
[Black "Lux, Gregory"]
[Result "0-1"]
[WhiteElo "1870"]
[BlackElo "2059"]
[PlyCount "84"]
[EventDate "2005.04.16"]
[EventType "swiss"]
[EventRounds "9"]
[EventCountry "FRA"]
[SourceTitle "CBM 105 Extra"]
[Source "ChessBase"]
[SourceDate "2005.05.01"]
[SourceVersion "1"]
[SourceVersionDate "2005.05.01"]
[SourceQuality "1"]

1. c4 e5 2. Nc3 Nc6 3. g3 g6 4. Bg2 Bg7 5. Nf3 d6 6. 0-0 Be6 7. d3 h6 8. Rb1 Qd7 9. b4 Nge7 10. Re1 0-0 11. Bd2 Bh3 12. Bh1 f5 13. b5 Nd8 14. Nd5 g5 15. Nxe7+ Qxe7 16. Bc3 c6 17. Qb3 c5 18. Rec1 Ne6 19. e3 f4 20. exf4 gxf4 21. Nh4 fxg3 22. hxg3 Nf4 23. Qc2 Bf6 24. Ng2 Ne6 25. Qe2 Qg7 26. Kh2 e4 27. Ba1 Bxa1 28. Rxa1 Nd4 29. Qe3 Rf3 30. Qxe4 Bf5 31. Qd5+ Be6 32. Qh5 Rf5 33. Nf4 Rxh5+ 34. Nxh5 Qf7 35. Nf4 Re8 36. Kg1 Kh8 37. Be4 Bf5 38. Bd5 Qf6 39. Re1 Re5 40. Nh5 Qe7 41. Rxe5 Qxe5 42. Nf4 Ne2+ 0-1

[Event "FRA-chT3 Gr12 0304"]
[Site "Loire"]
[Date "2004.03.14"]
[Round "6.3"]
[White "Marmey, Cedric"]
[Black "Lux, Gregory"]
[Result "0-1"]
[WhiteElo "1940"]
[BlackElo "2064"]
[PlyCount "48"]
[EventDate "2003.10.12"]
[EventType "team-tourn"]
[EventRounds "9"]
[EventCountry "FRA"]
[SourceTitle "EXT 2008"]
[Source "ChessBase"]
[SourceDate "2007.11.25"]
[SourceVersion "1"]
[SourceVersionDate "2007.11.25"]
[SourceQuality "1"]

1. e4 e6 2. d4 d5 3. exd5 exd5 4. Bd3 Bd6 5. Ne2 Ne7 6. c3 Bf5 7. Bf4 0-0 8. 0-0 Nbc6 9. Qc2 Bxd3 10. Qxd3 Ng6 11. Bxd6 Qxd6 12. Nd2 Nd8 13. Rfe1 Ne6 14. Nf1 f5 15. Rac1 f4 16. f3 Nh4 17. c4 Ng5 18. Nd2 Qh6 19. Kf2 Nf5 20. Nf1 Qh4+ 21. Kg1 Rf6 22. Qd2 Rg6 23. Kh1 Nxf3 24. gxf3 Qf2 0-1

[Event "Lyon LOE op"]
[Site "Lyon"]
[Date "2002.05.12"]
[Round "9"]
[White "Lux, Gregory"]
[Black "Cau, Benjamin"]
[Result "1/2-1/2"]
[WhiteElo "2137"]
[BlackElo "2111"]
[PlyCount "51"]
[EventDate "2002.05.??"]
[EventType "swiss"]
[EventRounds "9"]
[EventCountry "FRA"]
[SourceTitle "EXT 2004"]
[Source "ChessBase"]
[SourceDate "2003.11.25"]
[SourceVersion "1"]
[SourceVersionDate "2003.11.25"]
[SourceQuality "1"]

1. Nf3 Nf6 2. b3 d5 3. Bb2 Bf5 4. e3 e6 5. c4 Bd6 6. Nc3 c6 7. Be2 Nbd7 8. 0-0 0-0 9. Nh4 Bg6 10. f4 Ne4 11. Nxg6 Nxc3 12. dxc3 hxg6 13. cxd5 exd5 14. c4 Qe7 15. Rf3 Bc5 16. cxd5 cxd5 17. Qxd5 Bxe3+ 18. Kh1 Nf6 19. Qd3 Bc5 20. Raf1 Rfe8 21. Bd1 Rad8 22. Qc4 Ng4 23. Be5 Qh4 24. h3 Nf2+ 25. Kh2 Ng4+ 26. Kh1 1/2-1/2

[Event "Lyon LOE op"]
[Site "Lyon"]
[Date "2002.05.10"]
[Round "5"]
[White "Lux, Gregory"]
[Black "Debray, Tristan"]
[Result "0-1"]
[WhiteElo "2137"]
[BlackElo "2030"]
[PlyCount "76"]
[EventDate "2002.05.??"]
[EventType "swiss"]
[EventRounds "9"]
[EventCountry "FRA"]
[SourceTitle "EXT 2004"]
[Source "ChessBase"]
[SourceDate "2003.11.25"]
[SourceVersion "1"]
[SourceVersionDate "2003.11.25"]
[SourceQuality "1"]

1. Nf3 d5 2. b3 Nf6 3. Bb2 Bf5 4. e3 e6 5. c4 c6 6. Nc3 Bd6 7. d4 Nbd7 8. Bd3 Bg4 9. 0-0 dxc4 10. bxc4 e5 11. Ne4 Nxe4 12. Bxe4 f5 13. Bxf5 Bxf5 14. dxe5 Bc7 15. Nd4 Qg5 16. e6 Nc5 17. e4 Bxe6 18. f4 Qh6 19. Qe2 0-0 20. g3 Bh3 21. Rfe1 Bxf4 22. gxf4 Rxf4 23. Nf5 Qg6+ 24. Ng3 Nxe4 25. Qe3 Nxg3 26. hxg3 Rxc4 27. Qb3 Qc2 28. Qxc2 Rxc2 29. Rab1 Rf8 30. Re7 Rff2 31. Rxg7+ Kf8 32. Rxh7 Rg2+ 33. Kf1 Rxg3+ 34. Rxh3 Rxh3 35. Bd4 Rh1+ 36. Bg1 Rxa2 37. Rxb7 Ra1+ 38. Kf2 Rhxg1 0-1